| 000 | 00471nam a2200193Ia 4500 | ||
|---|---|---|---|
| 008 | 170918s9999 xx 000 0 und d | ||
| 020 | _a9780545202381 | ||
| 050 | _bM617va 2009 | ||
| 100 | _aMezrich, Vlad | ||
| 245 | 4 | _aThe vampire is just not that into you / | |
| 245 | _cby Vlad Mezrich. | ||
| 260 | _aNew York : | ||
| 260 | _bScholastic, | ||
| 260 | _c2009 | ||
| 300 | _a176 pages : | ||
| 300 | _bcolor illustrations ; | ||
| 300 | _c18cm. | ||
| 500 | _a910 | ||
| 999 |
_c344105 _d344105 |
||